European Capitals from North to South on a Map - Statistics

General Stats
  • This quiz has been taken 80 times
  • The average score is 39 of 45
Answers on the Map
Answers color-coded by a green-red scale on the quiz's map according to % correct below.
 
Answer Stats
Latitude Capital % Correct
64° 08' N Reykjavík
100%
60° 10' N Helsinki
95%
59° 54' N Oslo
95%
55° 45' N Moscow
92%
59° 19' N Stockholm
92%
52° 22' N Amsterdam
91%
52° 31' N Berlin
91%
50° 52' N Brussels
91%
55° 40' N Copenhagen
91%
51° 30' N London
91%
59° 26' N Tallinn
91%
54° 41' N Vilnius
91%
52° 13' N Warsaw
91%
46° 56' N Bern
89%
53° 20' N Dublin
89%
50° 27' N Kyiv
89%
53° 54' N Minsk
89%
48° 51' N Paris
89%
48° 12' N Vienna
89%
47° 30' N Budapest
88%
49° 36' N Luxembourg
88%
50° 05' N Prague
88%
56° 56' N Riga
88%
47° 08' N Vaduz
88%
48° 08' N Bratislava
86%
44° 25' N Bucharest
86%
38° 43' N Lisbon
86%
46° 03' N Ljubljana
86%
40° 24' N Madrid
86%
37° 58' N Athens
85%
42° 30' N Andorra la Vella
85%
41° 53' N Rome
85%
43° 44' N Monaco
85%
44° 49' N Belgrade
83%
43° 56' N San Marino
83%
43° 51' N Sarajevo
83%
42° 41' N Sofia
83%
47° 00' N Chișinău
82%
45° 48' N Zagreb
82%
41° 54' N Vatican City
80%
42° 26' N Podgorica
79%
42° 39' N Pristina
79%
35° 53' N Valletta
79%
41° 19' N Tirana
77%
41° 59' N Skopje
76%
No matching quizzes found
Score Distribution
Percent of People with Each Score
Percentile by Number Answered
Your Score History
You have not taken this quiz